| 000 | 01135cam a2200241 a 4500 | ||
|---|---|---|---|
| 001 | 16984302 | ||
| 005 | 20130320144332.0 | ||
| 008 | 110930s2012 nyuab b 001 0 eng | ||
| 010 | _a 2011040566 | ||
| 020 | _a9781849713863 (hbk : alk. paper) | ||
| 020 | _a9781849714198 (pbk : alk. paper) | ||
| 082 | 0 | 0 |
_a338.927 _223 _bROO |
| 100 | 1 |
_aRoorda, Niko. _932922 |
|
| 245 | 1 | 0 |
_aFundamentals of Sustainable Development / _cNiko Roorda ; with Peter Blaze Corcoran and Joseph P. Weakland. |
| 260 |
_aNew York, NY : _bEarthscan, _c2012. |
||
| 300 |
_axxxii, 351 p. : _bcol. ill., col. maps ; _c26 cm. |
||
| 504 | _aIncludes bibliographical references and index. | ||
| 505 | 0 | _aForeword -- SWOT analysis -- Sustainable development, an introduction -- Flaws in the fabric : people and nature -- Flaws in the fabric : people and society -- Sources of vigour -- Solution strategies -- Here and there -- Now and later -- Climate and energy -- Sustainable business practices. | |
| 650 | 0 |
_aSustainable development _xStudy and teaching. _932923 |
|
| 650 | 0 |
_aEnvironmental education. _932924 |
|
| 653 |
_bChe _cMarch2013 |
||
| 942 |
_2ddc _cBB |
||
| 999 |
_c17385 _d17357 |
||